عرض عادي
عرض مارك
- الفقه الشافعي
مدخل مصطلح موضوعي
عدد التسجيلات المستخدمة في: 16
001 - رقم الضبط
- حقل الضبط: 987
003 - معرف رقم الضبط
- حقل الضبط: OSt
005 - تاريخ ووقت أخر عملية
- حقل الضبط: 20110717223325.0
008 - عناصر بيانات ثابتة الطول
- حقل تحكم ثابت الطول: 110717|||a|||||| | ||| d
040 ## - مصدر الفهرسة
- هيئة الفهرسة الأصلية: OSt
- وكالة الكتابة: OSt
150 ## - مدخل-- مصطلح تاريخي
- عنصر مدخل المصطلح الموضوعي او الاسم الجغرافي: الفقه الشافعي
670 ## - بيانات المصدر موجوده
- الاستشهاد بالمصدر: Work cat.: (OSt)1402: النووي، يحيى بن شرف بن مري، 686-631 هـ.). 986, المجموع شرح المهذب /, 19-؟
